Statistiques concernant Pays les plus urbanisés du monde

Cliquez ici pour prendre le quiz!

Statistiques générales

  • Ce quiz a été pris 136 fois
  • Le résultat moyen est 10 sur 20

Statistiques - réponses

Rank%Pays% Correct
3100Monaco
89%
1100Vatican
88%
4100Singapour
87%
1294Japon
86%
1094Saint-Marin
81%
1690Luxembourg
75%
599Qatar
67%
798Belgique
63%
1591Pays-Bas
59%
698Koweït
55%
2089Bahreïn
53%
995Malte
53%
1392Israël
45%
1989Australie
29%
2100Nauru
23%
1194Islande
21%
895Uruguay
21%
1790Chili
19%
1492Argentine
17%
1889Venezuela
7%

Distribution des résultats

Percentile par nombre de réponses

% des personnes avec chaque résultat

Votre développement - résultats

Vous n’avez pas pris ce quiz